La senda del derecho

Αποθηκεύτηκε σε:
Λεπτομέρειες βιβλιογραφικής εγγραφής
Κύριος συγγραφέας: Holmes, Oliver Wendell (Συγγραφέας)
Μορφή: Βιβλίο
Γλώσσα:Ισπανικά
Έκδοση: Madrid Marcial Pons 2012
Έκδοση:1a. ed
Θέματα:
Ετικέτες: Προσθήκη ετικέτας
Δεν υπάρχουν, Καταχωρήστε ετικέτα πρώτοι!

MARC

LEADER 00000cam a2200000 a 4500
001 UCD4591
003 CL-VaPUC
008 160713e20120000sp |||||||||||||||||spa|d
020 |a 9788497689519 
082 0 4 |a 340.1  |b HOL  |2 21 
100 0 |a Holmes, Oliver Wendell  |e author  |9 416385 
245 1 3 |a La senda del derecho 
250 |a 1a. ed 
300 |a 91 p 
942 |c BK 
945 |d 20160713 20:53:00  |a arojas 
260 |a Madrid  |b Marcial Pons  |c 2012 
650 0 |a Filosofía del derecho   |9 255050 
650 0 |a Teoría del derecho  |9 255982 
650 0 |a Pragmatismo  |9 316729 
583 |a last modification  |c 20160713 20:53:00  |k Rodrigo Vera 
999 |c 365475  |d 365473 
952 |0 0  |1 0  |3 erb  |4 0  |6 340_100000000000000_HOL_2012  |7 0  |8 A  |9 479339  |a BIBDER  |b BIBDER  |i 5297001  |o 340.1 HOL 2012  |p 5297001  |r 2023-01-25  |w 2019-11-24  |y BK  |z Catalogado en:20160713  |k DER